000 00659nam a2200253Ia 4500
003 OSt
005 20220924120223.0
006 a|||||r|||| 00| 0
007 ta
008 220923b |||||||| |||| 00| 0 urd d
020 _c80
024 _a286424
037 _cTextual
040 _aARTS
_cARTS
_burd
041 _2urd
_aurd
082 _aO168:g, N5
100 _aSayed Muzaffar Ali
_9181229
245 0 _aKhama bagoosh ke qalam se
260 _aDelhi
_bMaktaba Jamia India
_c1995
300 _a328p.
_ccm.
650 _aURDU LITERATURE
942 _hO168:g, N5
_cTEXL
_2CC
999 _c401803
_d401803